00000000nam##2200000za#4500
0019.602089
003CaOODSP
00520210624210408
007cr |||||||||||
008150406|2005||||xxc|||||o    f|0| 0 fre|d
040 |aCaOODSP|bfre
043 |an-cn---
0861 |aTU3-5/05-39F-PDF
1102 |aBureau de la sécurité des transports du Canada.
24510|aImpact sans perte de contrôle du Cessna 180H C-FYIX au mont Burns (Alberta) le 22 août 2005 |h[ressource électronique]
260 |aGatineau - Québec : |bBureau de la sécurité des transports du Canada |c[2007].
300 |a6p.|bphotographies
4901 |aRapport d'enquête aéronautique |vA05W0176
590 |a11-31-Supp|b2011-12-13
77508|tControlled flight into terrain - Cessna 180H C-FYIX, Mount Burns, Alberta, 22 August 2005 |w(CaOODSP)9.571497
830#0|aRapport d'enquête aéronautique ;|vA05W0176|w(CaOODSP)9.501229
85640|ahttp://publications.gc.ca|qPDF|s191 Ko|uhttps://publications.gc.ca/collections/collection_2011/bst-tsb/TU3-5-05-39-fra.pdf|yA05W0176